| 000 | 00624nam a22001937a 4500 | ||
|---|---|---|---|
| 999 |
_c169519 _d169519 |
||
| 005 | 20191122114136.0 | ||
| 010 | _aENG-126980 | ||
| 020 |
_a9789389146707 _c400.00 |
||
| 035 | _aEN-110512 | ||
| 037 | _bDBAD/PUB | ||
| 082 | _a658.5 | ||
| 100 | _aSenthil, M. | ||
| 245 |
_aRecent trends in e-logistics management / _cby M.Sethil |
||
| 260 |
_aTamil Nadu _bShanlax Publications _c2019 |
||
| 270 |
_a61, 66 T.P.K. Main Road _bVasanta Nagar, Madurai _e625003 _k0452-4208765 _mpublisher@shanlaxpublication.com |
||
| 300 |
_a181p. _c24cm(pbk) |
||
| 500 | _aIncludes references | ||
| 942 |
_2ddc _cEN _h658.5 _mSEN |
||